000 00744nam a2200289Ia 4500
005 20260324112846.0
008 008 260324s9999 xx 000 0 eng d
020 _a9781003410652
037 _aEBOOK
040 _aCRL
040 _beng
040 _cCRL
041 _2eng
041 _aeng
084 _qCRL
100 _aShahana Knight
_91144429
245 4 _aThe Therapeutic School Approach
245 0 _bHow to Embed Trauma-Informed, Attachment-Aware Practices to Improve Outcomes for All Children
260 _bTaylor and Francis
260 _c2024
365 _a
365 _b220
856 _uhttp://www.taylorfrancis.com/books/9781003410652
942 _cEBOOK
999 _c1733803
_d1733803